Which US State (M-Z)… - Statistics

General Stats
  • This quiz has been taken 11 times
  • The average score is 20 of 25
Answer Stats
Hint Answer % Correct
…was the site of a famous alleged 1947 UFO crash? New Mexico
100%
…sees residents call themselves “cheeseheads”? Wisconsin
100%
…can one find the Atlantic City boardwalk in? New Jersey
89%
…does the Saint Lawrence River border? New York
89%
…saw the Wright brothers test their first flight at Kill Devil Hills? North Carolina
89%
…saw one of its two major league baseball teams change its name in 2021? Ohio
89%
…was founded by quakers in 1681? Pennsylvania
89%
…is known as “the Palmetto state”? South Carolina
89%
…can one see Graceland, as well as the Grand Ole Opry? Tennessee
89%
…has a beehive on its state flag, and is aptly nicknamed “the beehive state”? Utah
89%
…produces the most maple syrup? Vermont
89%
…was the birthplace of Thomas Jefferson? Virginia
89%
…is Microsoft based out of? Washington
89%
…is located entirely within the Appalachian Mountains? West Virginia
89%
…contains the majority of Yellowstone? Wyoming
89%
…borders three different Canadian provinces? Montana
78%
…served as the United States’ main nuclear testing site from 1951 to 1992? Nevada
78%
…has license plates with its state motto, “Live Free or Die”, ironically printed by inmates in its state prison? New Hampshire
78%
…is named for the Choctaw word for “red people”? Oklahoma
78%
…is where Family Guy takes place? Rhode Island
78%
…has 40 electoral votes? Texas
78%
…once used dynamite on a dead beached whale, which caused wanton destruction in the surrounding area? Oregon
67%
…is home to Carhenge, a replica of Stonehenge made with 39 vintage cars instead of stones? Nebraska
56%
…is less than 2% forested, the lowest in the entire nation? North Dakota
33%
…has the most buffalo? South Dakota
22%
No matching quizzes found
Score Distribution
Percent of People with Each Score
Percentile by Number Answered
Your Score History
You have not taken this quiz